000 00897nam a2200241 i 4500
001 175268
003 ES-MaACL
005 20250806062544.0
007 t|
008 101019s1971 sp f ||||1| spa d
080 _a726.1(460.27 M.)
100 1 _aAlmagro Basch, Martín.
_920073
245 1 3 _aEl Templo de Debod /
_cpor Martín Almagro.
260 _aMadrid :
_bAyuntamiento, Delegación de Educación :
_bInstituto de Estudios Madrileños,
_c1971.
300 _a29 p. , [11] h. de lám. ;
_c22 cm.
490 1 _aCiclo de conferencias sobre monumentos madrileños ;
_v15
610 0 4 _aTemplo de Debod (Madrid)
_96936
651 _aMadrid-
_xEdificios, estructuras, etc.
_98959
710 2 _aInstituto de Estudios Madrileños
_94916
830 1 _aCiclo de conferencias sobre monumentos madrileños ;
_v15
_9189598
852 _aES-MaACL
_j2258-F-15
_xOlim P-53
999 _c175268
_d175268